Duplexná sonografia v diagnostike chronickej mezenteriovej ischémie

Bibliographic Details
Main Authors: Mistrík, Augustín, 1949- (Author), Vulev, Ivan (Author), Lesný, Pavol, 1946- (Author), Riečanský, Igor, 1938- (Author)
Format: Article
Language:Slovak
Subjects:

MARC

LEADER 00000nab a2200000uu 4500
001 vtls012156001
003 SK-MaSNL
005 20260413133311.0
008 221207|2005 xo |||||||||||||||||slo|
015 |a SNBRB 
035 |a (urnnbn)urn:nbn:sk:snk:ar-005hwf 
035 |a (uuid)364e44eb-9bf8-46e0-ac1b-7d77409aed28 
035 |a (sysno)vtls008414196 
040 |a SNKBUCL  |b slo  |c SNKBUCL  |e AACR2 
041 0 |a slo  |b eng  |b slo 
044 |a xo  |c SK 
080 |a 616.13-073.787  |2 1981 
100 1 |a Mistrík, Augustín,  |d 1949-  |4 aut  |9 192418 
245 1 0 |a Duplexná sonografia v diagnostike chronickej mezenteriovej ischémie  |c Augustín Mistrík, Ivan Vulev, Pavol Lesný, Igor Riečanský 
246 3 1 |a Duplex sonography in the diagnostics of chronic mesenteric ischemia 
504 |a Obsahuje bibliografické odkazy 
650 0 7 |a arteriae mesentericae  |x abnormality  |2 snkbucl  |9 1112975 
650 0 7 |a konstrikcia patologická  |x diagnostika  |2 snkbucl  |9 871978 
650 0 7 |a ultrasonografia Dopplerova duplexná  |x metódy  |2 snkbucl  |9 1112976 
650 0 7 |a choroba chronická  |x klasifikácia  |2 snkbucl  |9 1055345 
650 0 7 |a plexus coeliacus  |x patológia  |2 snkbucl  |9 1112977 
650 0 7 |a artérioskleróza  |2 snkbucl  |9 2429 
700 1 |a Vulev, Ivan  |4 aut  |9 17788 
700 1 |a Lesný, Pavol,  |d 1946-  |4 aut  |9 6102 
700 1 |a Riečanský, Igor,  |d 1938-  |4 aut  |9 1112968 
773 0 |t Lekársky obzor  |g Roč. 54, č. 7-8 (2005), s. 342-344 
954 |a odborná, vedecká literatúra pôvodná (slovenská)  |2 lita 
958 0 |a OND 
958 |a article_dop7 
999 |c 1838321  |d 1840251